Normal view
MARC view
- Saleemi, Akhtar Raza
Entry Personal Name
001 - CONTROL NUMBER
- control field: 14712
003 - CONTROL NUMBER IDENTIFIER
- control field: NUST
005 - DATE AND TIME OF LATEST TRANSACTION
- control field: 20190610054840.0
008 - FIXED-LENGTH DATA ELEMENTS
- fixed length control field: 190610|| aca||aabn | a|a d
040 ## - CATALOGING SOURCE
- Original cataloging agency: NUST
- Transcribing agency: NUST
100 ## - HEADING--PERSONAL NAME
- Personal name: Saleemi, Akhtar Raza
670 ## - SOURCE DATA FOUND
- Source citation: Work cat.: (NUST): Saleemi, Akhtar Raza, Sahmai Adabiyat /, N.D.
